| 000 | 00778nam a22002537a 4500 | ||
|---|---|---|---|
| 999 |
_c14986 _d14986 |
||
| 003 | AR-CdUCM | ||
| 008 | 190425b ||||| |||| 00| 0 spa d | ||
| 020 | _a978-84-9825-871-4 | ||
| 040 |
_aMUNICIPALIDAD PROVINCIAL DEL CUSCO _cBIBLIOTECA MUNICIPAL DEL CUSCO |
||
| 041 | _heng | ||
| 082 |
_aPI / 376.1 / _bL21 |
||
| 110 |
_aLadybird _933969 |
||
| 245 | _aToca, toca, libro carrusel / | ||
| 260 |
_aBarcelona : _bCombel, _c2014. |
||
| 300 |
_a6 paginas ; _bIlustraciones plegables _c26 cm. |
||
| 500 | _aTitulo original : Baby toych. tummy time | ||
| 650 |
_aLibro carrusel _933970 |
||
| 650 |
_aLas formas _933971 |
||
| 650 |
_aLos colores _933503 |
||
| 650 |
_aNiƱos (as) _933869 |
||
| 650 |
_aLos colores _933503 |
||
| 942 |
_2ddc _cLIBROS |
||
| 945 |
_awnts _d2019-04-25 |
||